Kamsang Daniel Laibu Hilhchetna Bung 1-12: (Record no. 4324)
[ view plain ]
| 000 -LEADER | |
|---|---|
| fixed length control field | 00608nam a2200181Ia 4500 |
| 003 - CONTROL NUMBER IDENTIFIER | |
| control field | GBCCL |
| 005 - DATE AND TIME OF LATEST TRANSACTION | |
| control field | 20241126110516.0 |
| 008 - FIXED-LENGTH DATA ELEMENTS--GENERAL INFORMATION | |
| fixed length control field | 171201b xxu||||| |||| 00| 0 eng d |
| 040 ## - CATALOGING SOURCE | |
| Transcribing agency | gbc |
| 082 ## - DEWEY DECIMAL CLASSIFICATION NUMBER | |
| Classification number | VER 224.507 |
| Item number | KHA |
| 100 ## - MAIN ENTRY--PERSONAL NAME | |
| Personal name | Khamkholun. L. |
| 9 (RLIN) | 7255 |
| 245 ## - TITLE STATEMENT | |
| Title | Kamsang Daniel Laibu Hilhchetna Bung 1-12: |
| Remainder of title | Genkholhna Tungtawn a Kilaakna / |
| Statement of responsibility, etc. | L. Khamkholun |
| 260 ## - PUBLICATION, DISTRIBUTION, ETC. | |
| Name of publisher, distributor, etc. | Evangelical Baptist Convention, |
| Place of publication, distribution, etc. | New Lamka: |
| Date of publication, distribution, etc. | 2010 |
| 300 ## - PHYSICAL DESCRIPTION | |
| Extent | 261p.; |
| Other physical details | ill., |
| Dimensions | 23 cm. |
| 440 ## - SERIES STATEMENT/ADDED ENTRY--TITLE | |
| Title | Saptuam Laisiangthou Hilhchetna |
| 9 (RLIN) | 7247 |
| 650 ## - SUBJECT ADDED ENTRY--TOPICAL TERM | |
| Topical term or geographic name entry element | Bible |
| Form subdivision | Old Testament |
| General subdivision | Daniel |
| -- | Commentary |
| 9 (RLIN) | 7283 |
| 942 ## - ADDED ENTRY ELEMENTS (KOHA) | |
| Edition | REPRINT |
| Source of classification or shelving scheme | Dewey Decimal Classification |
| Koha item type | Books |
| Koha issues (borrowed), all copies | 9 |
| Withdrawn status | Lost status | Source of classification or shelving scheme | Damaged status | Not for loan | Collection | Home library | Current Library | Shelving location | Date acquired | Total checkouts | Full call number | Barcode | Date last seen | Date last checked out | Copy number | Price effective from | Koha item type | Total renewals |
|---|---|---|---|---|---|---|---|---|---|---|---|---|---|---|---|---|---|---|
| Dewey Decimal Classification | GRACE BIBLE COLLEGE | GRACE BIBLE COLLEGE | Vernacular | 2018-01-18 | 4 | VER 224.507 KHA | 010251 | 2025-05-01 | 2023-07-27 | c.1 | 2018-01-18 | Books | ||||||
| Dewey Decimal Classification | GRACE BIBLE COLLEGE | GRACE BIBLE COLLEGE | Vernacular | 2018-01-18 | 5 | VER 224.507 KHA | 010253 | 2025-05-01 | 2024-06-25 | c.2 | 2018-01-18 | Books | 1 | |||||
| Dewey Decimal Classification | GRACE BIBLE COLLEGE | GRACE BIBLE COLLEGE | Vernacular | 2025-06-23 | VER 224.507 KHA | 020744 | 2025-06-23 | c.3 | 2025-06-23 | Books |